Statistics for KFC full uk menu

Click here to take the quiz!

General Stats

  • This quiz has been taken 134 times
    (133 since last reset)
  • The average score is 22 of 130

Answer Stats

HintAnswer% Correct
Box meal | Ricebox | SaladZinger
67%
Kids | Snacking (snackbox)Popcorn
56%
Side | Side (large)Gravy
53%
Side | Side (large)Fries
52%
Box meal | Chicken burger | Ricebox | SaladFillet
46%
DrinkPepsi
43%
Condiment | Snacking (Allstars meal) | WrapBBQ
39%
SideCorn
36%
CondimentKetchup
36%
Side | Side (large)Coleslaw
30%
Chicken piecesHot wing
30%
Original recipe chickenWing
30%
Condiment | Twister wrapSweet chilli
24%
DrinkPepsi max
23%
Bargain bucket | Family feast | Wicked variety10 piece
22%
Bargain bucket | Party bucket | Wicked variety6 piece
22%
Original recipe chickenDrumstick
22%
Chicken burger | Chicken pieces | Snacking (snackbox)Mini fillet
22%
KidsMinifillet
22%
Chicken (Boneless dips meal) | Chicken (Colonel's meal for one) | Chicken (variety meal)3 piece
21%
Dipping boneless feast8 piece
21%
Chicken burgerTower
21%
Box mealBoneless banquet
20%
Drink7UP
19%
DrinkWater
19%
Chicken burgerZinger tower
19%
Dipping boneless feast12 piece
18%
DessertOreo Krushem
18%
Original recipe chickenThigh
18%
Bargain bucket | Family feast14 piece
17%
Chicken (Boneless dips meal) | Chicken (Colonel's meal for one)4 piece
17%
DrinkDiet pepsi
17%
Chicken burgerFillet tower
17%
Snacking (Allstars meal) | WrapFlamin'
17%
SideMashed potato
17%
Box meal | Chicken burgerZinger stacker
17%
Chicken (Colonel's meal for one) | Chicken (variety meal)2 piece
16%
Side | Side (large)BBQ beans
14%
KidsBurger
14%
Hot drinkHot chocolate
14%
Hot drinkLatte
13%
Chicken meal | Chicken meal (large) | Chicken pieces (large) | +2 othersPopcorn chicken
13%
CondimentGarlic mayo
12%
Original recipe chickenRib
12%
Hot drinkCappuccino
11%
DessertMalteser Krushem
11%
Chicken burgerVegan
11%
DessertMilkybar Krushem
9%
Box meal | Chicken burgerBig daddy
8%
Snacking (snackbox)Hot wings
8%
DrinkTropicana
8%
Ricebox | SaladVeggie
8%
SideSouthern rice
7%
Hot drinkEspresso
6%
SideGarden salad
6%
Original recipe chickenKeel
6%
DrinkTango orange
6%
SnackingMegabox
5%
Chicken mealMighty bucket for one
5%
DrinkSparkling water
5%
CondimentTomato sauce
5%
Chicken burgerBacon and cheese
4%
Hot drinkBlack americano
4%
CondimentBrown sauce
4%
Dessert | Dessert (mini)Chocolate sundae
4%
Chicken burgerKids
4%
DrinkPepsi max cherry
4%
Twister wrapSmoky BBQ
4%
Hot drinkBlack tea
3%
CondimentHot sauce
3%
DrinkLipton ice tea
3%
Twister wrapNashville hot
3%
DrinkOrange fruit shoot
3%
Hot drinkWhite americano
3%
DessertWhite chocolate cookie
3%
DrinkBlackcurrent fruit shoot
2%
Hot drinkCafe Mocha
2%
Dessert | Dessert (mini)Cherry sundae
2%
DessertChocolate muffin
2%
Side | Side (large)Curry sauce
2%
DessertLemon muffin
2%
CondimentLight mayo
2%
DessertMilk chocolate cookie
2%
DessertMunch bunch yoghurt
2%
DrinkRobinsons apple and blackcurrent
2%
DessertSalted caramel Krushem
2%
Chicken meal6 hot wings
1%
Box meal | Chicken burgerBBQ bacon tower
1%
Hot drinkCaramel latte
1%
DrinkClub orange
1%
SideOnion rings
1%
Twister wrapOriginal kentucky mayo
1%
CondimentSpicy supercharger
1%
Hot drinkVanilla latte
1%

Score Distribution

Percentile by Number Answered

Percent of People with Each Score

Your Score History

You have not taken this quiz since the last reset